Modelling and control of electric power plants: proceedings of the IFAC Workshop

Guardat en:
Dades bibliogràfiques
Autor principal: Maffezzoni, C (Autor)
Format: Llibre
Idioma:anglès
Publicat: Oxford Pergamon 1984
Matèries:
Etiquetes: Afegir etiqueta
Sense etiquetes, Sigues el primer a etiquetar aquest registre!

MARC

LEADER 00000nam a2200000 a 4500
001 UCU5252
003 CL-VaPUC
005 20250120123953.0
008 960531e19840000uk 1 eng d
082 0 4 |a 621.31  |b MAF  |2 21 
100 1 |a Maffezzoni, C  |e author  |9 617804 
245 1 0 |a Modelling and control of electric power plants: proceedings of the IFAC Workshop 
260 |a Oxford  |b Pergamon  |c 1984 
300 |a 166 p 
583 |a last modification  |c 19960531 00:00:00  |k Rodrigo Vera 
650 0 0 |a Generación de energía eléctrica  |9 345677 
650 0 0 |a Centrales eléctricas   |9 263580 
650 0 0 |a Electricidad  |9 260222 
650 0 7 |a GENERADORES ELECTRICOS  |2 CL-VaPUC  |9 617805 
942 |c BK 
945 |a paguirre  |d 19960531 00:00:00 
546 |a En Inglés 
518 |p IFAC workshop, Como, 22 al 23 de Septiembre de 1983 
999 |c 382653  |d 382651 
952 |0 0  |1 0  |4 0  |6 621_310000000000000_MAF_1984  |7 0  |8 A  |9 504459  |a BIBING  |b BIBING  |d 2020-01-23  |i 1671677  |o 621.31 MAF 1984  |p 1671677  |r 2025-01-20  |w 2020-01-23  |y BK  |k EIE